| 000 -LEADER |
| fixed length control field |
00873nam a2200241Ia 4500 |
| 001 - CONTROL NUMBER |
| control field |
16631 |
| 003 - CONTROL NUMBER IDENTIFIER |
| control field |
GE_BSU |
| 005 - DATE AND TIME OF LATEST TRANSACTION |
| control field |
20200131151158.0 |
| 008 - FIXED-LENGTH DATA ELEMENTS--GENERAL INFORMATION |
| fixed length control field |
181216s2007||||en |||||||||||||| ||eng|| |
| 020 ## - INTERNATIONAL STANDARD BOOK NUMBER |
| International Standard Book Number |
9781887943727 |
| 040 ## - CATALOGING SOURCE |
| Transcribing agency |
GE_BSU |
| 080 ## - UNIVERSAL DECIMAL CLASSIFICATION NUMBER |
| Universal Decimal Classification number |
159.925 E-50 |
| 245 ## - TITLE STATEMENT |
| Title |
Emotional Intelligence : |
| Remainder of title |
Key Readings on the Mayer and Salovey Model / |
| Statement of responsibility, etc. |
Edited by: Peter Salovey ; Marc A. Brackett ; John D. Mayer. |
| 260 ## - PUBLICATION, DISTRIBUTION, ETC. |
| Place of publication, distribution, etc. |
New York |
| 264 ## - PRODUCTION, PUBLICATION, DISTRIBUTION, MANUFACTURE, AND COPYRIGHT NOTICE |
| Place of production, publication, distribution, manufacture |
New York : |
| Name of producer, publisher, distributor, manufacturer |
National Professional Resources, Inc. / Dude Publishing, |
| Date of production, publication, distribution, manufacture, or copyright notice |
2007. |
| 300 ## - PHYSICAL DESCRIPTION |
| Extent |
329 p .: |
| Dimensions |
27 cm. |
| 653 ## - INDEX TERM--UNCONTROLLED |
| keyword |
Emotional Intelligence |
| 653 ## - INDEX TERM--UNCONTROLLED |
| keyword |
ფსიქოლოგია |
| 700 ## - ADDED ENTRY--PERSONAL NAME |
| Personal name |
Salovey, Peter |
| Relator term |
რედაქტორი |
| 9 (RLIN) |
6646 |
| 700 ## - ADDED ENTRY--PERSONAL NAME |
| Personal name |
Brackett, Marc A |
| Relator term |
რედაქტორი |
| 9 (RLIN) |
6647 |
| 700 ## - ADDED ENTRY--PERSONAL NAME |
| Personal name |
Mayer, John D |
| Relator term |
რედაქტორი |
| 9 (RLIN) |
6648 |
| 942 ## - ADDED ENTRY ELEMENTS (KOHA) |
| Koha item type |
წიგნი |
| Source of classification or shelving scheme |
|